| 000 | 00871nam a2200265 i 4500 | ||
|---|---|---|---|
| 001 | 000045427 | ||
| 003 | DO-SdBNP | ||
| 005 | 20250205132240.0 | ||
| 007 | ta | ||
| 008 | 150309s2014 dr r 000 0 spa spa d | ||
| 020 | _a9789945080384 | ||
| 040 |
_aDO-SdBNP _bspa _cBNPHU _erda |
||
| 082 | 4 |
_axxx _bxxx _222 |
|
| 245 | 0 | 0 |
_aRepública Dominicana y Haití : _bel derecho a vivir / _cpresentación, Matías Bosch. |
| 264 | 1 |
_aSanto Domingo : _bFundación Juan Bosch, _c2014. |
|
| 300 |
_a476 páginas ; _c23 cm. |
||
| 336 |
_atexto _btxt _2rdacontent |
||
| 337 |
_asin mediación _bn _2rdamedia |
||
| 338 |
_avolumen _bnc _2rdacarrier |
||
| 490 |
_aColección Bosch vive _v9 |
||
| 500 | _aIncluye referencias bibliográficas y notas a pie de las páginas | ||
| 590 | _aInventariado, 2024/BT | ||
| 700 | 1 |
_aBosch, Matías, _epresentación _972665 _4pres. |
|
| 942 |
_2ddc _cLBS1 |
||
| 999 |
_c44916 _d44916 |
||